中央競馬 牝馬クラシック競争優勝馬 - Statistics

General Stats
  • This quiz has been taken 34 times
    19 since last reset
  • The average score is 33 of 100
Answer Stats
年度 優勝競争 優勝馬 % Correct
2020 6代目三冠馬 デアリングタクト
100%
1986 初代三冠牝馬 メジロラモーヌ
92%
2018 5代目牝馬三冠 アーモンドアイ
92%
2010 3代目牝馬三冠 アパパネ
83%
2012 4代目牝馬三冠 ジェンティルドンナ
83%
2003 2代目三冠牝馬 スティルインラブ
75%
2019 桜花賞 グランアレグリア
75%
秋華賞 クロノジェネシス
75%
2023 7代目牝馬三冠 リバティアイランド
75%
優駿牝馬 エアグルーヴ
67%
優駿牝馬・秋華賞 メジロドーベル
67%
2007 桜花賞・秋華賞 ダイワスカーレット
67%
2021 桜花賞 ソダシ
67%
1993 桜花賞・優駿牝馬 ベガ
58%
エリザベス女王杯 ホクトベガ
58%
2009 桜花賞・優駿牝馬 ブエナビスタ
58%
優駿牝馬 ラヴズオンリーユー
58%
優駿牝馬 ユーバーレーベン
58%
2025 桜花賞・秋華賞 エンブロイダリー
58%
優駿牝馬 カムニャック
58%
秋華賞 スイープトウショウ
50%
秋華賞 エアメサイア
50%
優駿牝馬・秋華賞 カワカミプリンセス
50%
優駿牝馬・秋華賞 メイショウマンボ
50%
2022 桜花賞・優駿牝馬 スターズオンアース
50%
優駿牝馬・秋華賞 チェルヴィニア
50%
エリザベス女王杯 ヒシアマゾン
42%
2005 桜花賞 ラインクラフト
42%
優駿牝馬 シーザリオ
42%
優駿牝馬 ローブデコルテ
42%
秋華賞 レッドディザイア
42%
優駿牝馬(同着) サンテミリオン
42%
2014 桜花賞 ハープスター
42%
2024 桜花賞 ステレンボッシュ
42%
エリザベス女王杯 サンドピアリス
33%
1990 桜花賞 アグネスフローラ
33%
1992 桜花賞 ニシノフラワー
33%
1994 桜花賞 オグリローマン
33%
秋華賞 ティコティコタック
33%
2004 桜花賞 ダンスインザムード
33%
2016 桜花賞 ジュエラー
33%
秋華賞 ヴィブロス
33%
優駿牝馬 ソウルスターリング
33%
秋華賞 アカイトリノムスメ
33%
秋華賞 スタニングローズ
33%
優駿牝馬 トウカイローマン
25%
1989 桜花賞 シャダイカグラ
25%
エリザベス女王杯 キョウエイタップ
25%
1991 桜花賞 シスタートウショウ
25%
優駿牝馬 チョウカイキャロル
25%
優駿牝馬 ダンスパートナー
25%
1998 桜花賞・秋華賞 ファレノプシス
25%
優駿牝馬 エリモエクセル
25%
2001 桜花賞・秋華賞 テイエムオーシャン
25%
優駿牝馬 レディパステル
25%
秋華賞 ファインモーション
25%
2008 桜花賞 レジネッタ
25%
秋華賞 ブラックエンブレム
25%
秋華賞 アヴェンチュラ
25%
優駿牝馬 ヌーヴォレコルト
25%
2015 桜花賞 レッツゴードンキ
25%
優駿牝馬・秋華賞 ミッキークイーン
25%
優駿牝馬 シンハライト
25%
1987 桜花賞・優駿牝馬 マックスビューティ
17%
優駿牝馬 イソノルーブル
17%
エリザベス女王杯 リンデンリリー
17%
1996 桜花賞 ファイトガリバー
17%
秋華賞 ファビラスラフイン
17%
1997 桜花賞 キョウエイマーチ
17%
1999 桜花賞 プリモディーネ
17%
優駿牝馬 ウメノファイバー
17%
秋華賞 ブゼンキャンドル
17%
2000 桜花賞 チアズグレイス
17%
優駿牝馬 ダイワエルシエーロ
17%
2006 桜花賞 キストゥヘヴン
17%
優駿牝馬 トールポピー
17%
2011 桜花賞 マルセリーナ
17%
優駿牝馬 エリンコート
17%
2013 桜花賞 アユサン
17%
秋華賞 ショウナンパンドラ
17%
2017 桜花賞 レーヌミノル
17%
秋華賞 ディアドラ
17%
1984 桜花賞 ダイアナソロン
8%
エリザベス女王杯 キョウワサンダー
8%
1985 桜花賞 エルプス
8%
優駿牝馬 ノアノハコブネ
8%
エリザベス女王杯 リワードウイング
8%
エリザベス女王杯 タレンティドガール
8%
1988 桜花賞 アラホウトク
8%
優駿牝馬 コスモドリーム
8%
エリザベス女王杯 ミヤマポピー
8%
優駿牝馬 ライトカラー
8%
優駿牝馬 エイシンサニー
8%
優駿牝馬 アドラーブル
8%
エリザベス女王杯 タケノベルベット
8%
1995 桜花賞 ワンダーパヒューム
8%
エリザベス女王杯 サクラキャンドル
8%
優駿牝馬 シルクプリマドンナ
8%
2002 桜花賞 アローキャリー
8%
優駿牝馬 スマイルトゥモロー
8%
No matching quizzes found
Score Distribution
Percent of People with Each Score
Percentile by Number Answered
Your Score History
You have not taken this quiz since the last reset